000 00746nam a2200289Ia 4500
005 20260324120316.0
008 008 260324s9999 xx 000 0 eng d
020 _a9781315762654
037 _aEBOOK
040 _aCRL
040 _beng
040 _cCRL
041 _2eng
041 _aeng
084 _qCRL
100 _aNorman W. Evans; Neil J Anderson; William G. Eggington
_91158057
245 0 _aESL Readers and Writers in Higher Education
245 0 _bUnderstanding Challenges, Providing Support
260 _bTaylor and Francis
260 _c2015
365 _a
365 _b255
856 _uhttp://www.taylorfrancis.com/books/9781315762654
942 _cEBOOK
999 _c1749516
_d1749516